| 000 | 00388nam a22001577a 4500 | ||
|---|---|---|---|
| 003 | OSt | ||
| 005 | 20231122105115.0 | ||
| 008 | 210916b xxu||||| |||| 00| 0 eng d | ||
| 020 | _a9799388821345 | ||
| 040 | _cSERIOSOFT | ||
| 100 | _aMISHRA,NALIN KUMAR | ||
| 245 | _aCOMMUNICATION SKILLS AND PERSONALITY DEVELOPMENT | ||
| 260 |
_aMEERUT _bRAMA _c2020 |
||
| 300 | _a248 | ||
| 942 |
_2ddc _c02 |
||
| 999 |
_c50850 _d50850 |
||